Human motivation : A key factor for management

Gorde:
Xehetasun bibliografikoak
Formatua: Liburua
Hizkuntza:Undetermined
Argitaratua: Tokyo 3A Corporation 1991
Gaiak:
Etiketak: Etiketa erantsi
Etiketarik gabe, Izan zaitez lehena erregistro honi etiketa jartzen!
Thư viện lưu trữ: Trung tâm Học liệu Trường Đại học Cần Thơ
LEADER 00478nam a2200181Ia 4500
001 CTU_89175
008 210402s9999 xx 000 0 und d
082 |a 153.8 
082 |b H918 
245 0 |a Human motivation : 
245 2 |b A key factor for management 
245 0 |c edited Yoshio Kondo 
260 |a Tokyo 
260 |b 3A Corporation 
260 |c 1991 
650 |a Motivation (psychology) 
904 |i Năm 
980 |a Trung tâm Học liệu Trường Đại học Cần Thơ